000 00871nam a22002897a 4500
001 000573
003 DO-SdBNP
005 20221104080813.0
007 000573
008 161019b2002 sp a | 00| 0 spa d
020 _a8420441856
040 _aBPMSU
_bspa
_cBPMSU
082 4 _a863.6
_bL747t 2002
_222
100 1 _aLindo, Elvira,
_d1962-
_e
245 1 0 _aManolito gafotas :
_bLos trapos sucios /
_cElvira Lindo ; ilustraciones de Emilio Urberuaga.
250 _a7a ed.
260 _aMadrid :
_bAlfaguara,
_c2002.
300 _a145 p. :
_bil. ;
_c20 cm.
490 0 _aManolito Gafotas.
590 _6inventariadoj, 2022/VM
650 _aCuentos infantiles españoles.
650 4 _aNiños
_vCuentos infantiles.
650 _aLiteratura española Infantil
700 1 _aUrberuaga, Emilio,
_eil.
910 _aLOPEREZ/ VMateo V. /Validado
942 _2ddc
_cBK
999 _c11609
_d11609